000 00766nam a2200265Ia 4500
999 _c49703
_d49703
001 16637
003 GE_BSU
005 20200131151835.0
008 181216s||||||||xx |||||||||||||| ||und||
020 _aISBN 9781416611622 (pbk.alk. paper)
040 _cGE_BSU
080 _a37
100 _aCunningham, Diane
_96649
245 _aImproving teaching with collaborative action research
245 3 _ban ASCD action tool
260 _aAlexandria,VA.
260 _bASCD
260 _c2011
300 _aix, 195 p, ill,28 cm.
541 _h114gel.
653 _aAction research in education. Teachers--In-service training. Group work in education.
653 _aგანათლება
653 _aპედაგოგიკა
942 _cBK
_2udc